INSTRUMENTATION AND CONTROL (Record no. 8224)

MARC details
000 -LEADER
fixed length control field 00691nam a22001577a 4500
003 - CONTROL NUMBER IDENTIFIER
control field SGT
020 ## - INTERNATIONAL STANDARD BOOK NUMBER
International Standard Book Number 9788120342460
082 ## - DEWEY DECIMAL CLASSIFICATION NUMBER
Classification number 621.381
Item number PAT
100 ## - MAIN ENTRY--PERSONAL NAME
Personal name PATRANABIS,D
245 ## - TITLE STATEMENT
Title INSTRUMENTATION AND CONTROL
260 ## - PUBLICATION, DISTRIBUTION, ETC. (IMPRINT)
Place of publication, distribution, etc NEW DELHI
Name of publisher, distributor, etc PHI
Year of Publication 2011
300 ## - PAGE DESCRIPTION
No. of Pages 376
650 ## - SUBJECT ADDED ENTRY--TOPICAL TERM
Topical term or geographic name as entry element ELECTRONICS ENGINEERING
653 ## - KEYWORDS--INDEX TERM
Keyword term INSTRUMENTATION SYSTEM, STATISTICAL ERROR ANALYSIS, METROLOGY, SENSORS AND TRANSDUCERS, STRAIN GAUGES, MEASUREMENT OF FORCE,TORQUE,SHAFT POWER,SPEED AND ACCELERATION,MEASUREMENT OF PROCESS VARIABLES: PRESSURES,TEMPERATURE FLOW AND LEVEL,SIGNAL CONDITIONING,DISPLAY DEVICES,DETERMINATION OF COUNT MEASUREMENTS OF TIME,TIME INTERVAL AND FREQUENCY,CONTROL
942 ## - ADDED ENTRY ELEMENTS (KOHA)
Source of classification or shelving scheme Dewey Decimal Classification
Koha item type Books
Holdings
Withdrawn status Lost status Source of classification or shelving scheme Damaged status Not for loan Home library Current library Shelving location Date acquired Vendor Name Cost, normal purchase price SGTU Total Checkouts Full call number Accession No. (Barcode) Date last seen Bill Date Koha item type
    Dewey Decimal Classification     SGT Engineering Library SGT Engineering Library Reference Book 11/01/2016 GIFTED 325.00 SGTU   621.381 PAT FE6493 11/01/2016 11/01/2016 Books